Forschungsbericht ... des Jenenser Institutes für Personal- und Organisationsforschung (JIPO) an der Friedrich-Schiller-Universität Jena e.V. (Record no. 1678)

MARC details
000 -LEADER
fixed length control field 01774cas a2200421 a 4500
001 - CONTROL NUMBER
control field data
005 - DATE AND TIME OF LATEST TRANSACTION
control field 20260322212112.0
008 - FIXED-LENGTH DATA ELEMENTS--GENERAL INFORMATION
fixed length control field data
010 ## - LIBRARY OF CONGRESS CONTROL NUMBER
LC control number 2001205840
Canceled/invalid LC control number 97175819
029 1# - OTHER SYSTEM CONTROL NUMBER (OCLC)
OCLC library identifier AU@
System control number 000023118217
035 ## - SYSTEM CONTROL NUMBER
System control number (OCoLC)48079672
040 ## - CATALOGING SOURCE
Original cataloging agency DLC
Language of cataloging eng
Transcribing agency DLC
Modifying agency OCLCL
-- OCLCF
-- OCLCO
-- OCLCL
042 ## - AUTHENTICATION CODE
Authentication code pcc
043 ## - GEOGRAPHIC AREA CODE
Geographic area code e-gx---
050 00 - LIBRARY OF CONGRESS CALL NUMBER
Classification number HF5549.A2
Item number F58
245 00 - TITLE STATEMENT
Title Forschungsbericht ... des Jenenser Institutes für Personal- und Organisationsforschung (JIPO) an der Friedrich-Schiller-Universität Jena e.V.
246 14 - VARYING FORM OF TITLE
Title proper/short title Forschungsbericht
260 ## - PUBLICATION, DISTRIBUTION, ETC.
Place of publication, distribution, etc. Jena :
Name of publisher, distributor, etc. Das Institut,
Date of publication, distribution, etc. 1994-
300 ## - PHYSICAL DESCRIPTION
Extent v. :
Other physical details ill. ;
Dimensions 30 cm.
310 ## - CURRENT PUBLICATION FREQUENCY
Current publication frequency Irregular
362 0# - DATES OF PUBLICATION AND/OR SEQUENTIAL DESIGNATION
Dates of publication and/or sequential designation Nr. 1-
500 ## - GENERAL NOTE
General note Nr. 10 published 1993.
515 ## - NUMBERING PECULIARITIES NOTE
Numbering peculiarities note Some numbers published out of chronological sequence.
588 ## - SOURCE OF DESCRIPTION NOTE
Source of description note Latest issue consulted: Nr. 11, published in 1996.
650 #0 - SUBJECT ADDED ENTRY--TOPICAL TERM
Topical term or geographic name entry element Personnel management.
650 #0 - SUBJECT ADDED ENTRY--TOPICAL TERM
Topical term or geographic name entry element Personnel management
Geographic subdivision Germany.
650 #0 - SUBJECT ADDED ENTRY--TOPICAL TERM
Topical term or geographic name entry element Management.
650 #0 - SUBJECT ADDED ENTRY--TOPICAL TERM
Topical term or geographic name entry element Management
Geographic subdivision Germany.
650 #7 - SUBJECT ADDED ENTRY--TOPICAL TERM
Topical term or geographic name entry element Management.
Source of heading or term fast
Authority record control number or standard number (OCoLC)fst01007141
650 #7 - SUBJECT ADDED ENTRY--TOPICAL TERM
Topical term or geographic name entry element Personnel management.
Source of heading or term fast
Authority record control number or standard number (OCoLC)fst01058797
651 #7 - SUBJECT ADDED ENTRY--GEOGRAPHIC NAME
Geographic name Germany.
Source of heading or term fast
Authority record control number or standard number (OCoLC)fst01210272
Real World Object URI https://id.oclc.org/worldcat/entity/E39PBJtCD3rcKcPDx6FHmjvrbd
710 2# - ADDED ENTRY--CORPORATE NAME
Corporate name or jurisdiction name as entry element Jenenser Institut für Personal- und Organisationsforschung an der Friedrich-Schiller-Universität Jena.
Real World Object URI https://id.oclc.org/worldcat/entity/E39QH7JmqKGGMKyyh44v4Hmbtg
906 ## - LOCAL DATA ELEMENT F, LDF (RLIN)
a 7
b cbc
c serials
d 2
e ncip
f 20
g n-oclcserc
925 0# -
-- Acquire
-- 1 shelf copy
-- policy default 10-04-01
955 ## - COPY-LEVEL INFORMATION (RLIN)
-- db72 2002-01-17 to SSCD
-- sc17 2003-03-28 to Shelflister
-- sc06 2003-07-15 to BCCD
Holdings
Withdrawn status Lost status Damaged status Not for loan Home library Current library Shelving location Date acquired Total checkouts Full call number Barcode Date last seen Price effective from Koha item type
        Springfield Springfield General stacks 22/03/2026   HF5549.A2 LOC-SPL-00021 22/03/2026 22/03/2026 Books